|
|
|
|
| LEADER |
01041nam a2200301 i 4500 |
| 001 |
31483 |
| 003 |
BD-DhAAL |
| 005 |
20211125110809.0 |
| 008 |
161207t19691964ctu b 000 0 eng |
| 999 |
|
|
|c 37771
|d 37771
|
| 010 |
|
|
|a 72093579
|
| 020 |
|
|
|a 0300010702
|a 0300004729
|
| 040 |
|
|
|a DLC
|c DLC
|d DLC
|d BD-DhAAL
|
| 050 |
0 |
0 |
|a K230.F84
|b M67 1977
|
| 082 |
0 |
0 |
|a 340.112
|
| 100 |
1 |
|
|a Fuller, Lon L.
|q (Lon Luvois),
|d 1902-1978.
|9 20792
|
| 245 |
1 |
4 |
|a The morality of law /
|c by Lon L. Fuller.
|
| 250 |
|
|
|a Rev. ed.
|
| 260 |
|
|
|a New Haven :
|b Yale University Press,
|c 1977, c1969.
|
| 300 |
|
|
|a xi, 262 p. ;
|c 21 cm.
|
| 490 |
|
0 |
|6 Storrs lectures on jurisprudence ;
|v 1963
|
| 504 |
|
|
|a Includes bibliographical references.
|
| 526 |
|
|
|a SoL
|
| 541 |
|
|
|e 31483
|
| 650 |
|
0 |
|a Law and ethics.
|9 20793
|
| 650 |
|
0 |
|a Law.
|9 43135
|
| 942 |
|
|
|2 ddc
|c BK
|
| 952 |
|
|
|0 0
|1 0
|2 ddc
|4 0
|6 340_112000000000000_FUL
|7 0
|9 59828
|a BRACUL
|b BRACUL
|c GEN
|d 2016-12-07
|e Trim Education
|g 2131.00
|l 2
|m 5
|o 340.112 FUL
|p 3010031483
|r 2023-04-05
|s 2023-04-03
|t 1
|v 2131.00
|w 2016-11-13
|y BK
|